[Event "Horsens Lang Weekend op"]
[Site "Horsens"]
[Date "2013.07.18"]
[Round "2"]
[White "Graves, Peter"]
[Black "Haubro, Martin"]
[Result "0-1"]
[WhiteElo "2082"]
[BlackElo "2201"]
[PlyCount "82"]
[EventDate "2013.07.18"]
[EventType "swiss"]
[EventRounds "7"]
[EventCountry "DEN"]
[SourceTitle "CBM 155 Extra"]
[Source "ChessBase"]
[SourceDate "2013.08.26"]
[SourceVersion "1"]
[SourceVersionDate "2013.08.26"]
[SourceQuality "1"]

1. e4 c5 2. Nf3 d6 3. Nc3 e5 4. Bc4 Be7 5. d3 Nf6 6. h3 Nc6 7. Bg5 h6 8. Bxf6 Bxf6 9. Nd5 Be6 10. c3 0-0 11. g4 a6 12. Rg1 Bxd5 13. Bxd5 Ne7 14. Bb3 g5 15. Nh2 b5 16. Qf3 Ng6 17. Nf1 Rb8 18. Ne3 Nh4 19. Qe2 Kg7 20. Nf5+ Nxf5 21. gxf5 a5 22. Bd5 Qc7 23. 0-0-0 Rh8 24. Qh5 a4 25. Kb1 a3 26. b3 Rh7 27. Rg3 Kh8 28. h4 gxh4 29. Rg4 Qe7 30. Rdg1 Bg5 31. Kc2 c4 32. dxc4 b4 33. cxb4 Rg8 34. Qxh4 Qa7 35. Qg3 Qd4 36. Qc3 Qxf2+ 37. Kb1 Rhg7 38. R4g2 Be3 39. Rxg7 Rxg7 40. Rxg7 Qf1+ 41. Kc2 Qe2+ 0-1